Nouveau commentaire sur l'Ordonnance de la marine, du mois d'août 1681 /
Disimpan dalam:
| Pengarang Utama: | |
|---|---|
| Pengarang Korporat: | |
| Format: | Buku |
| Bahasa: | French |
| Diterbitkan: |
Marseille :
Jean Mossy,
1780.
|
| Siri: | Making of modern law.
|
| Subjek-subjek: | |
| Penanda-penanda: |
Tambah Penanda
Tiada Penanda, Jadilah orang pertama menanda rekod ini!
|
| LEADER | 01412nam a2200349Ia 4500 | ||
|---|---|---|---|
| 001 | 003973365-3 | ||
| 005 | 20140318041255.0 | ||
| 008 | 890425s1780 fr 001 0 fre d | ||
| 035 | 0 | |a ocm19598240 | |
| 040 | |a MNN |c MNN |d HVL | ||
| 043 | |a e-fr--- | ||
| 050 | 0 | 0 | |a KJV2789 |b .E44 1780 |
| 090 | |a KJV2784.5 1681 |b .E42 1780 | ||
| 100 | 1 | |a Emerigon, Balthazard-Marie, |d 1716-1785. | |
| 245 | 1 | 0 | |a Nouveau commentaire sur l'Ordonnance de la marine, du mois d'août 1681 / |c Par M.***. Avocat en Parlement [i.e. Balthazard Marie Émérigon]. |
| 260 | |a Marseille : |b Jean Mossy, |c 1780. | ||
| 300 | |a 2 v. ; |c 17 cm. | ||
| 500 | |a Includes index. | ||
| 510 | 4 | |a Sowerby, E.M. Catalogue of the Library of Thomas Jefferson, |c 2221 | |
| 650 | 0 | |a Maritime law |z France. | |
| 650 | 0 | |a Fishery law and legislation |z France. | |
| 650 | 0 | |a Naval law |z France. | |
| 650 | 0 | |a Maritime law |z France |v Early works to 1800. | |
| 650 | 0 | |a Fishery law and legislation |z France |v Early works to 1800. | |
| 650 | 0 | |a Naval law |z France |v Early works to 1800. | |
| 710 | 1 | |a France. |t Ordonnance de la marine. | |
| 752 | |a France |d Marseille. | ||
| 752 | |a France |d Paris. | ||
| 776 | 0 | 8 | |i Online version: |a Emerigon, Balthazard-Marie, 1716-1785. |t Nouveau commentaire sur l'Ordonnance de la marine, du mois d'août 1681. |d Marseille : Jean Mossy, 1780 |w (OCoLC)867108266 |
| 830 | 0 | |a Making of modern law. |5 net | |
| 988 | |a 20020608 | ||
| 906 | |0 OCLC | ||


